000 00356nam a22001337a 4500
020 _a0-19-564889-7
082 _a322.10954
_bBHA
100 _aBharucha, Rustom
245 _aIn The Name of the Secular: Contemporary Cultural Activism in India
260 _aNew Delhi
_bOxford University Press
_c1998
300 _a197
650 _aSecularism
942 _cBK
999 _c20745
_d20745